000 00574nam a2200181Ia 4500
008 090124s9999 xx 000 0 und d
082 _b20745
_a354
100 _aकातवडे पुंडलित
245 _a कन्नड भाषा परिचय
250 _a1
260 _c1974
300 _a236
600 _aकातवडे पुंडलित
630 _a कन्नड भाषा परिचय
700 _aकातवडे पुंडलित
730 _a कन्नड भाषा परिचय
942 _cBOOK
999 _c134547
_d134547